Oportunidades : caminos hacia la protección integral de derechos del niño /
Guardado en:
| Autor Principal: | |
|---|---|
| Otros Autores: | , |
| Formato: | Libro |
| Idioma: | Spanish |
| Publicado: |
Bahía Blanca :
Libros en colectivo,
2009
|
| Edición: | 1a. ed. |
| Materias: | |
| Etiquetas: |
Agregar Etiqueta
Sin Etiquetas, Sea el primero en etiquetar este registro!
|
| LEADER | 00662nam a22001815a 4500 | ||
|---|---|---|---|
| 001 | DER.der012367 | ||
| 008 | 180615s2009####ag#||||||||||||||#||spa|| | ||
| 005 | 20260206080413.0 | ||
| 245 | 1 | 0 | |a Oportunidades : |b caminos hacia la protección integral de derechos del niño / |c María Belén Noceti , compilado por Stella Maris Pérez, y Claudio Gallegos. |
| 250 | |a 1a. ed. | ||
| 260 | |a Bahía Blanca : |b Libros en colectivo, |c 2009 | ||
| 300 | |a 186 p. | ||
| 020 | |a 9789871592029 | ||
| 100 | 1 | |a Noceti, María Belén | |
| 700 | 1 | |a Pérez, Stella Maris, |e comp. | |
| 700 | 1 | |a Gallegos, Claudio, |e comp. | |
| 650 | 7 | |a DERECHOS HUMANOS | |
| 859 | |a DERECHO |b BIB. DERECHO |h 340.9 |i NOC |p 007185 | ||
